000 00469nam a22001817a 4500
003 MPLRDC
005 20220104184132.0
008 210129b ||||| |||| 00| 0 eng d
020 _a7-5442-3696-6
082 _a490.7 BLA
100 _aKENNETH BLANCHARD, SPENCER JOHNSON
245 _a一分钟经理人
_c周晶 译
250 _a一版一刷
260 _a中国
_b南海出版公司
_c2009
300 _b
650 _a商学总论
942 _cBK
_o490.7 BLA
999 _c62721
_d62711